Allemand verbes forts 4 - Statistiques

Statistiques générales
  • Ce quiz a été pris 72 fois
  • Le résultat moyen est 12 sur 32
Statistiques - réponses
Hint Réponse % Correct
blieb
71%
écrire
65%
bleiben bleibt
60%
rester
60%
schrie
54%
schreiben schreibt
52%
lieh
50%
schien
50%
geblieben
48%
schrieb
48%
scheinen scheint
46%
schwieg
44%
geschrieben
38%
stieg
38%
leihen leiht
37%
schreien schreit
37%
geschienen
35%
schweigen schweigt
35%
verzieh
35%
geschrien
33%
steigen steigt
33%
crier
31%
geliehen
31%
geschwiegen
29%
verzeihen verzeiht
29%
gestiegen
27%
se taire
21%
verziehen
19%
pardonner
17%
prêter
17%
briller, paraître
4%
monter, grimper, escalader
2%
Aucun quiz correspondant
Distribution des résultats
% des personnes avec chaque résultat
Percentile par nombre de réponses
Votre historique - résultats
Vous n’avez pas pris ce quiz